logo

Bir Sreshtho Munshi Abdur Rouf Library
Jhenaidah Cadet College

ULFA & the insurgency in Assam / (Record no. 11450)

MARC details
000 -LEADER
fixed length control field 01213nam a2200361 a 4500
001 - CONTROL NUMBER
control field 11450
003 - CONTROL NUMBER IDENTIFIER
control field BD-JhCC
005 - DATE AND TIME OF LATEST TRANSACTION
control field 20190922090702.0
007 - PHYSICAL DESCRIPTION FIXED FIELD--GENERAL INFORMATION
fixed length control field ta
008 - FIXED-LENGTH DATA ELEMENTS--GENERAL INFORMATION
fixed length control field 120619s2012 ii ab b 001 0 eng d
010 ## - LIBRARY OF CONGRESS CONTROL NUMBER
LC control number 2012337861
020 ## - INTERNATIONAL STANDARD BOOK NUMBER
International Standard Book Number 9789842002922 (pbk.)
020 ## - INTERNATIONAL STANDARD BOOK NUMBER
International Standard Book Number 9842002926 (pbk.)
025 ## - OVERSEAS ACQUISITION NUMBER
Overseas acquisition number B-E-2012-337861; 22-92
035 ## - SYSTEM CONTROL NUMBER
System control number (BD-JhCC)11450
037 ## - SOURCE OF ACQUISITION
Stock number Library of Congress -- New Delhi Overseas Office
040 ## - CATALOGING SOURCE
Original cataloging agency DKAGE
Language of cataloging eng
Transcribing agency DKAGE
Modifying agency OCLCO
-- DLC
-- BD-JhCC
042 ## - AUTHENTICATION CODE
Authentication code lccopycat
-- lcode
043 ## - GEOGRAPHIC AREA CODE
Geographic area code a-ii---
050 00 - LIBRARY OF CONGRESS CALL NUMBER
Classification number DS485.A88
Item number M285 2012
082 04 - DEWEY DECIMAL CLASSIFICATION NUMBER
Classification number 320.954162
Edition number 23
Item number MAH 2012
100 0# - MAIN ENTRY--PERSONAL NAME
Personal name Māhaphuja Ullāha.
245 10 - TITLE STATEMENT
Title ULFA & the insurgency in Assam /
Statement of responsibility, etc. Mahfuz Ullah.
246 3# - VARYING FORM OF TITLE
Title proper/short title ULFA and the insurgency in Assam
246 1# - VARYING FORM OF TITLE
Display text Title on t.p. verso in Bengali script:
Title proper/short title Ulaphā eyānda dya inasārajensi ina Āsāma
260 ## - PUBLICATION, DISTRIBUTION, ETC.
Place of publication, distribution, etc. Dhaka :
Name of publisher, distributor, etc. Adorn Publication,
Date of publication, distribution, etc. 2012.
300 ## - PHYSICAL DESCRIPTION
Extent 308 p. :
Other physical details ill., map ;
Dimensions 22 cm.
504 ## - BIBLIOGRAPHY, ETC. NOTE
Bibliography, etc. note Includes bibliographical references (p. [303]-304) and index.
610 20 - SUBJECT ADDED ENTRY--CORPORATE NAME
Corporate name or jurisdiction name as entry element United Liberation Front of Assam.
650 #0 - SUBJECT ADDED ENTRY--TOPICAL TERM
Topical term or geographic name entry element Insurgency
Geographic subdivision India
-- Assam.
651 #0 - SUBJECT ADDED ENTRY--GEOGRAPHIC NAME
Geographic name Assam (India)
General subdivision Politics and government.
942 ## - ADDED ENTRY ELEMENTS (KOHA)
Source of classification or shelving scheme Dewey Decimal Classification
Koha item type Books
Holdings
Withdrawn status Lost status Source of classification or shelving scheme Damaged status Not for loan Home library Current library Shelving location Date acquired Cost, normal purchase price Total Checkouts Full call number Barcode Date last seen Copy number Price effective from Koha item type
    Dewey Decimal Classification     JCC Rouf Library JCC Rouf Library General Stacks 06/22/2019 525.00   320.954162 MAH 2012 15161 09/22/2019 C-1 09/22/2019 Books

JCC Library | Contacts | JCC Home

Last Update on 23 September 2017
Copyright @ 2017-2020 JCC Rouf Library
Rouf Library, Jhenidah Cadet College (JCC), Bangladesh